Sistemas de ecualizacion
Zapisane w:
| 1. autor: | |
|---|---|
| Format: | Książka |
| Wydane: |
[San José, Costa Rica]
2002
|
| Hasła przedmiotowe: | |
| Etykiety: |
Dodaj etykietę
Nie ma etykietki, Dołącz pierwszą etykiete!
|
MARC
| LEADER | 00000nam a2200000Ia 4500 | ||
|---|---|---|---|
| 003 | 009069 | ||
| 005 | 20221231144054.0 | ||
| 008 | 140114s2002 cr a 000 ||s d | ||
| 040 | |c cru CEDI | ||
| 090 | |a TFG 4625 | ||
| 100 | |a Estrada Durán, Tomás |9 4094 | ||
| 245 | |a Sistemas de ecualizacion | ||
| 260 | |c 2002 |b [San José, Costa Rica] | ||
| 300 | |a 63 páginas; ilustraciones | ||
| 500 | |a Proyecto de graduación (bachillerato en ingeniería eléctrica)--Universidad de Costa Rica. Facultad de Ingeniería. Escuela de Ingeniería Eléctrica | ||
| 650 | |x FILTROS ELECTRICOS |x DISEÑO |x PROCESAMIENTO DE SEÑALES |x TECNICAS DIGITALES |x MICROPROCESADORES |x SISTEMAS DE TRANSMISION DE DATOS |9 4095 | ||
| 942 | |c TFG | ||
| 999 | |c 16481 |d 16481 | ||
